| 000 | 00633nam a2200241 a 4500 | ||
|---|---|---|---|
| 999 |
_c7877 _d7877 |
||
| 001 | 7877 | ||
| 003 | BD-JhCC | ||
| 005 | 20221124134023.0 | ||
| 008 | 180215s20142015b a|||| |||| 000 0 eng d | ||
| 035 | _a(BD-JhCC)7877 | ||
| 040 |
_aBD-JhCC _dBD-JhCC |
||
| 041 | _aeng | ||
| 082 |
_a001 _bDOG 2015 |
||
| 100 | _aDogar, Wali Muhammad | ||
| 245 |
_aTest your intelligence ISSB & psychology / _cWali Muhammad Dogar, |
||
| 250 | _aNew edition | ||
| 260 |
_aLahore, _bDogar Brother, _c2015. |
||
| 300 |
_a208 p. : _bill. : _c19 cm. |
||
| 650 | _aGeneral Knowledge | ||
| 650 | _aISSB | ||
| 650 | _aPsychology | ||
| 942 |
_2ddc _cBK _01 |
||